Selected Austrian short stories.
| Main Author: | |
|---|---|
| Format: | Book |
| Language: | English German |
| Published: |
Freeport, N.Y. :
Books for Libraries Press,
[1971]
|
| Series: | Short story index reprint series.
World's classics ; v no. 337. |
| Subjects: |
MARC
| Tag | First Indicator | Second Indicator | Subfields |
|---|---|---|---|
| LEADER | 00000cam a2200000 4500 | ||
| 001 | in00000675921 | ||
| 005 | 20161026153156.0 | ||
| 008 | 720314r19711928nyu 00001 eng | ||
| 010 | |a 70037260 | ||
| 020 | |a 0836940717 | ||
| 035 | |a (OCoLC)00278054 | ||
| 035 | |9 ACZ5657AM | ||
| 040 | |a DLC |c DLC |d TXA |d UtOrBLW | ||
| 041 | 1 | |a eng |a ger | |
| 049 | |a TXAM |c [1125266] | ||
| 082 | 0 | |a 833/.01 | |
| 090 | |a PT3826.S4 |b S45 | ||
| 100 | 1 | |a Busch, Marie. | |
| 245 | 1 | 0 | |a Selected Austrian short stories. |
| 264 | 1 | |a Freeport, N.Y. : |b Books for Libraries Press, |c [1971] | |
| 300 | |a vii, 290 pages ; |c 21 cm. | ||
| 336 | |a text |b txt |2 rdacontent | ||
| 337 | |a unmediated |b n |2 rdamedia | ||
| 338 | |a volume |b nc |2 rdacarrier | ||
| 490 | 1 | |a Short story index reprint series | |
| 500 | |a Reprint of the 1928 edition, which was issued as number 337 of the world's classics. | ||
| 505 | 0 | |a The poor fiddler, by F. Grillparzer.--Jakob Szela. The finch. By M. von Ebner-Eschenbach.--The troglodyte, by F. von Saar.--A rainy day, by F. Braun.--The journey to the centre of the earth, by K. H. Strobl.--At the hour of the stars, by R. Hohlbaum.--A mother, by V. Chiavacci.--Madame Nikolitch, by A. Muller-Guttenbrunn.--The prophecy, by A. Schnitzler.--His beautiful wife, by H. Bahr. | |
| 650 | 0 | |a Short stories, German |v Translations into English. | |
| 650 | 0 | |a Short stories, English |x Translations from German. | |
| 650 | 0 | |a Austrian fiction. | |
| 830 | 0 | |a Short story index reprint series. | |
| 830 | 0 | |a World's classics ; |v v no. 337. | |
| 999 | |a MARS | ||
| 999 | f | f | |s 0279d2f7-8273-3fbe-a05c-afddb931361f |i 1570b1cd-5989-36fd-8c7d-9b7f741242cf |t 0 |
| 952 | f | f | |p normal |a Texas A&M University |b College Station |c Sterling C. Evans Library |d Evans: Library Stacks |t 0 |e PT3826.S4 S45 |h Library of Congress classification |i unmediated -- volume |m A14804186384 |
| 998 | f | f | |a PT3826.S4 S45 |t 0 |l Evans: Library Stacks |